| 000 | 005230000a22001810004500 | ||
|---|---|---|---|
| 003 | MACL | ||
| 005 | 20160320152047.0 | ||
| 008 | 160320b xxu||||| |||| 00| 0 eng d | ||
| 040 |
_aMACL _cMACL |
||
| 041 | _aHindi | ||
| 082 | _a070 | ||
| 100 |
_aराजशेखर मिश्र _947815 |
||
| 245 | _aखेल पत्रकारिता | ||
| 260 |
_bअंकुर पब्लिकेशंस _c2007 _aनोएडा |
||
| 350 | _a200 | ||
| 650 |
_aNews Media Journalism _9338 |
||
| 942 |
_cHIN _k070 _2ddc |
||
| 999 |
_c10728 _d10728 |
||